000 00538 a2200157 4500
020 _a997151172X
040 _aDLC
_bDLC
100 1 0 _aSmith, Ralph J
245 1 0 _aCircuits, devices, and systems: a first course in electrical engineering
_b: a first course in electrical engineering
_cRalph J. Smith, Richard C. Dorf.
250 _a5th ed.
260 0 _aSingapore
_b: J. Wiley
_c, c1995.
300 _axi, 868 p.
_b: ill. (some col.)
_c; 26 cm.
650 0 _aElectric engineering.
700 1 0 _aDorf, Richard C.
942 _cBK
_k621.3 SMI
_2ddc
999 _c9020
_d9020